MARC details
| 000 -CABECERA |
| campo de control de longitud fija |
01012nam a2200277 a 4500 |
| 003 - IDENTIFICADOR DEL NÚMERO DE CONTROL |
| campo de control |
MX-MxUPN |
| 005 - FECHA Y HORA DE LA ÚLTIMA TRANSACCIÓN |
| campo de control |
20240521155719.0 |
| 008 - ELEMENTOS DE LONGITUD FIJA--INFORMACIÓN GENERAL |
| campo de control de longitud fija |
190612s2003 bl fr 100 0 por d |
| 020 ## - NÚMERO INTERNACIONAL NORMALIZADO PARA LIBROS |
| Número Internacional Estándar del Libro |
8572821376 |
| 035 ## - NÚMERO DE CONTROL DEL SISTEMA |
| Número de control de sistema |
UPN01000231239 |
| 040 ## - FUENTE DE LA CATALOGACIÓN |
| Centro catalogador/agencia de origen |
MX-MxUPN |
| Lengua de catalogación |
spa |
| Centro/agencia transcriptor |
MX-MxUPN |
| 041 0# - CÓDIGO DE IDIOMA |
| Código de lengua del texto/banda sonora o título independiente |
spa |
| 050 00 - SIGNATURA TOPOGRÁFICA DE LA BIBLIOTECA DEL CONGRESO |
| Número de clasificación |
LA556 |
| Número de documento/Ítem |
E52 2003 |
| 111 2# - ASIENTO PRINCIPAL--NOMBRE DE REUNION |
| Nombre de congreso/reunión o jurisdicción como elemento de entrada |
Encontro Cearense de Historiadores da Educação |
| Número del congreso/reunión o número de parte o sección |
(2° : |
| Fecha del congreso/reunión |
2003 : |
| Sede del congreso/Lugar de la reunión |
Fortaleza, Brasil) |
| 9 (RLIN) |
52004 |
| 245 10 - MENCIÓN DE TÍTULO |
| Título |
Biografias, instituições, idéias, experiências e políticas educacionais |
| 260 ## - PUBLICACIÓN, DISTRIBUCIÓN, ETC. |
| Lugar de publicación, distribución, etc. |
Fortaleza : |
| Nombre del editor, distribuidor, etc. |
Editora UFC, |
| Fecha de publicación, distribución, etc. |
2003. |
| 300 ## - DESCRIPCIÓN FÍSICA |
| Extensión |
467 páginas |
| 650 #4 - ASIENTO SECUNDARIO DE MATERIA - TERMINO TEMATICO |
| Término de materia o nombre geográfico como elemento de entrada |
Educación |
| Subdivisión geográfica |
Brasil |
| Subdivisión general |
Historia |
| Subdivisión de forma |
Congresos |
| 9 (RLIN) |
51999 |
| 650 #4 - ASIENTO SECUNDARIO DE MATERIA - TERMINO TEMATICO |
| Término de materia o nombre geográfico como elemento de entrada |
Educadores |
| Subdivisión geográfica |
Brasil |
| Subdivisión de forma |
Biografía |
| -- |
Congesos |
| 9 (RLIN) |
52000 |
| 650 #4 - ASIENTO SECUNDARIO DE MATERIA - TERMINO TEMATICO |
| Término de materia o nombre geográfico como elemento de entrada |
Educación y Estado |
| Subdivisión geográfica |
Brasil |
| Subdivisión de forma |
Congresos |
| 9 (RLIN) |
52002 |
| 700 1# - ASIENTO SECUNDARIO--NOMBRE DE PERSONAL |
| Nombre de persona |
Cavalcante, Maria Juraci Maia, |
| Fechas asociadas al nombre |
1956- |
| 9 (RLIN) |
51996 |
| Término indicativo de función/relación |
coordinación |
| 700 1# - ASIENTO SECUNDARIO--NOMBRE DE PERSONAL |
| Nombre de persona |
Bezerra, José Arimatea Barros |
| 9 (RLIN) |
51997 |
| Término indicativo de función/relación |
coordinación |
| 902 ## - ELEMENTOS DE DATOS B LOCAL, LDB (RLIN) |
| Creó |
Víctor Ruiz/210524 |
| 942 ## - ELEMENTOS DE PUNTO DE ACCESO ADICIONAL (KOHA) |
| Fuente del sistema de clasificación o colocación |
Library of Congress Classification |
| Tipo de ítem Koha |
Libro |